Entrada Nombre geográfico
Número de registros utilizados en: 1
001 - NÚMERO DE CONTROL
003 - IDENTIFICADOR DEL NÚMERO DE CONTROL
- campo de control:
DR-UNIBE
005 - FECHA Y HORA DE LA ÚLTIMA TRANSACCIÓN
- campo de control:
20260316113028.0
008 - DATOS DE LONGITUD FIJA
- campo de control de longitud fija:
260316|| aca||aabn | a|a d
040 ## - FUENTE DE LA CATALOGACIÓN
- Centro catalogador/agencia de origen:
DR-UNIBE
- Centro/agencia transcriptor:
DR-UNIBE
151 ## - ENCABEZAMIENTO--NOMBRE GEOGRÁFICO
- Nombre geográfico:
República Dominicana
- Subdivisión general:
Historia
- Subdivisión cronológica:
Era de Trujillo, 1930-1961
- Subdivisión de forma:
Relatos personales
670 ## - FUENTE DE DATOS ENCONTRADOS
- Cita de la fuente:
Work cat.: (DR-UNIBE)114461: Trujillo Ledesma, Flor de Oro, 1915-1978 autor 203296, Trujillo en la intimidad según su hija Flor /, 2009